000 00290nam a22001337a 4500
008 171031b xxu||||| |||| 00| 0 eng d
020 _a9780472111190
041 _aeng
080 _a33
100 _a58
101 _aBUS
245 _aDOES BUSINESS LEARN?
_cSUAREZ,S.I
942 _2udc
_cBK
999 _c36759
_d36759